000 00753cam a22002533a 4500
001 19832
003 PGUSA
005 20140828083423.0
008 061116s2006||||xxu|||||s|||||000 | eng d
040 _aPGUSA
_beng
042 _adc
050 4 _aDS
050 4 _aDL
100 1 _aKoorevaar, A.
245 1 0 _aIn en om Java's Paradijs :
_bDe Aarde en haar Volken, 1907
_h[electronic resource] /
_cA. Koorevaar
260 _bProject Gutenberg,
_c2006
506 _aPublic domain in the USA.
516 _aElectronic text
653 _aCopenhagen (Denmark) -- Description and travel
653 _aJava (Indonesia) -- Description and travel
830 0 _aProject Gutenberg
_v19832
856 4 0 _uhttp://www.gutenberg.org/ebooks/19832
942 _cEB
999 _c249087
_d249087